000 01094nam a2200217 a 4500
008 071001s2001 ||||||||||||||||| || u
020 _a998232022X
050 _aAFRONET(02)2001/1A
110 _aSouthern African Human Rights NGO Network (SAHRINGON)
245 1 0 _aPolice brutality in Southern Africa: a human rights perspective
260 _aLusaka:
_bAfronet
_c2001
300 _aiii, 243p.
350 _a0.00
650 _aPOLICE BRUTALITY--AFRICA, SOUTHERN
650 _aHUMAN RIGHTS--AFRICA, SOUTHERN
650 _aCIVIL RIGHTS--AFRICA, SOUTHERN
650 7 _aAFRICA
_2fast
995 _aMAIN LIBRARY OPEN ACCESS
_D0.00
_e736992
_FCBU-MAIN LIBRARY (Kitwe)
_H1
_I0.00
_jHV 8271.9.A2 Sou
_M3
_UAVAILABLE
_WOct 1, 2007
_y40941
_ZMain Library Open Access Collection
995 _aSPECIAL COLLECTIONS
_D0.00
_e45921
_FCBU-MAIN LIBRARY (Kitwe)
_H1
_I0.00
_jAFRONET(02)2001/1A
_M1
_UAVAILABLE
_WOct 23, 2009
_y45921
_ZInternational Publications
995 _aSPECIAL COLLECTIONS
_D0.00
_e45922
_FCBU-MAIN LIBRARY (Kitwe)
_H1
_I0.00
_jAFRONET(02)2001/1B
_M2
_UAVAILABLE
_WOct 23, 2009
_y45922
_ZInternational Publications
999 _c82010
_d82010